|
|
|
|
| LEADER |
00686nam a2200229Ia 4500 |
| 008 |
240830s9999 xx 000 0 und d |
| 020 |
|
|
|a 84-481-3696-9
|
| 040 |
|
|
|a B-ESTELÍ- RUACS / 005.369 G643
|
| 041 |
|
|
|a spa
|
| 082 |
|
|
|a 005.369 G643
|
| 100 |
1 |
|
|a González Mangas, Antonia
|
| 100 |
1 |
|
|b González Mangas, Gaspar
|
| 245 |
1 |
0 |
|a Dreamweber MX iniciación y referencia
|
| 260 |
|
|
|a España
|b México
|c 2003
|
| 300 |
|
|
|a 261 p. :il
|
| 650 |
7 |
|
|a PROGRAMACION Y PROGRAMAS DE COMPUTADORAS
|
| 650 |
7 |
|
|b DISEÑO DE PAGINAS WEB - PHP
|
| 650 |
7 |
|
|c DISEÑO DE BASES DE DATOS - MYSQL
|
| 650 |
7 |
|
|d ESTRUCTURA - PAGINAS WEB.
|
| 942 |
|
|
|c BK
|2 ddc
|
| 991 |
|
|
|a TEXTO
|
| 999 |
|
|
|c 10575
|